Central Library OPAC University of Rajshahi

Many-electron systems : (Record no. 67849)

MARC details
000 -LEADER
fixed length control field 00849nam a2200253 a 4500
001 - CONTROL NUMBER
control field 67849
003 - CONTROL NUMBER IDENTIFIER
rucl marc code BD-RjUL
005 - DATE AND TIME OF LATEST TRANSACTION
control field 20211209081711.0
008 - FIXED-LENGTH DATA ELEMENTS--GENERAL INFORMATION
fixed length control field 700820s1968 paua b 001 0 eng
035 ## - SYSTEM CONTROL NUMBER
System control number (BD-RjUL)68058
040 ## - CATALOGING SOURCE
Original cataloging agency DLC
Transcribing agency DLC
Modifying agency DLC
-- ICU
-- BD-RjUL
Language of cataloging eng
041 ## - LANGUAGE CODE
Language code of text/sound track or separate title eng
082 00 - DEWEY DECIMAL CLASSIFICATION NUMBER
Edition number 23
Classification number 539.72112
Author mark and year FRM 1968
100 1# - MAIN ENTRY--PERSONAL NAME
Personal name Fraga, Serafin
9 (RLIN) 201141
245 10 - TITLE STATEMENT
Title Many-electron systems :
Remainder of title properties and interactions /
Statement of responsibility, etc. Serafin Fraga and Gulzari Malli.
260 ## - PUBLICATION, DISTRIBUTION, ETC. (IMPRINT)
Place of publication, distribution, etc. Philadelphia :
Name of publisher, distributor, etc. Saunders,
Date of publication, distribution, etc. 1968.
300 ## - PHYSICAL DESCRIPTION
Pagination xvi, 196 p. :
Illustrations ill. ;
Size 24 cm.
504 ## - BIBLIOGRAPHY, ETC. NOTE
Bibliography, etc Includes bibliographies and index
650 #0 - SUBJECT ADDED ENTRY--TOPICAL TERM
Topical term or geographic name as entry element Electrons.
9 (RLIN) 163105
700 1# - ADDED ENTRY--PERSONAL NAME
Personal name Malli, G. L.,
Relator term joint author.
830 ## - SERIES ADDED ENTRY--UNIFORM TITLE
Uniform title Studies in physics and chemistry ;
Volume number/sequential designation no. 7
942 ## - ADDED ENTRY ELEMENTS (KOHA)
Source of classification or shelving scheme Dewey Decimal Classification
Koha item type Books
Holdings
Lost status Source of classification or shelving scheme Damaged status Not for loan Collection code Permanent Location Current Location Shelving location Date acquired Source of acquisition Cost, normal purchase price Total Checkouts Full call number Date last seen Copy number Koha item type
  Dewey Decimal Classification   Not For Loan Non-fiction Central Library, University of Rajshahi Central Library, University of Rajshahi Reading Room 13/11/1996 Hafiz Book Centre, Dhaka 130.00   539.72112 FRM 1968 29/03/2017 C-1 Books